000 01616nam a2200205Ia 4500
003 Ost
005 20260507075804.0
008 260507s9999||||xx |||||||||||||| ||und||
040 _cfsecg
041 _aara
082 _a515
100 _aالمنصوري;مرجان، ابراهيم محمد;أحمد، مصطفى عبد الغني، محمد توفيق
_eمؤلف
245 0 _aأساسيات الرياضة للتجاريين (ك1) (ج3) /
_c المنصوري
260 _aالقاهرة:
_bكلية التجارة,
_c1992
300 _a359 صفحة؛
_bإيضاحات ؛
_c24 سم
520 _aالمتسلسلات المحدودة، المتسلسلات اللانهائية، الاستنتاج الرياضي، استخدام بعض النظريات الرياضية في تطبيقات الاستنتاج الرياضي، الدوال الخطية، تطبيقات الدوال الخطية في الحياة التجارية، الدوال غير الخطية، تطبيقات الدوال غير الخطية في الحياة التجارية، الاحتمالات الشرطية، التوزيعات الاحتمالية، الدالة في المتغيرين أو أكثر، تطبيقات في مجات التجارة و الاقتصاد، تعظيم و تدنيه الدوال ذات المتغيرين، التكامل المحدود، اجراء التكامل بطرق خاصة، تطبيقات التكامل المحدود في التجارة وادارة الاعمال و الاقتصاد
653 _aالدوال
653 _aعموميات الرياضيات
942 _cكتاب
999 _c46358
_d46358